Kingdom of Eswatini : 2019 Article IV Consultation-Press Release; Staff Report; and Statement by the Executive Director for the Kingdom of Eswatini.

This 2019 Article IV Consultation with the Kingdom of Eswatini highlights that the financial system remains sound, although vulnerabilities are rising. Hence, bank supervision should be intensified, the early intervention regime strengthened, and plans to relax single borrower concentration regulati...

Descripció completa

Dades bibliogràfiques
Autor corporatiu: International Monetary Fund. African Dept
Format: Revista
Idioma:English
Publicat: Washington, D.C. : International Monetary Fund, 2020.
Col·lecció:IMF Staff Country Reports; Country Report ; No. 2020/041
Accés en línia:Full text available on IMF
LEADER 02529cas a2200241 a 4500
001 AALejournalIMF016229
008 230101c9999 xx r poo 0 0eng d
020 |c 5.00 USD 
020 |z 9781513529769 
022 |a 1934-7685 
040 |a BD-DhAAL  |c BD-DhAAL 
110 2 |a International Monetary Fund.  |b African Dept. 
245 1 0 |a Kingdom of Eswatini :   |b 2019 Article IV Consultation-Press Release; Staff Report; and Statement by the Executive Director for the Kingdom of Eswatini. 
264 1 |a Washington, D.C. :  |b International Monetary Fund,  |c 2020. 
300 |a 1 online resource (108 pages) 
490 1 |a IMF Staff Country Reports 
500 |a <strong>Off-Campus Access:</strong> No User ID or Password Required 
500 |a <strong>On-Campus Access:</strong> No User ID or Password Required 
506 |a Electronic access restricted to authorized BRAC University faculty, staff and students 
520 3 |a This 2019 Article IV Consultation with the Kingdom of Eswatini highlights that the financial system remains sound, although vulnerabilities are rising. Hence, bank supervision should be intensified, the early intervention regime strengthened, and plans to relax single borrower concentration regulations suspended. The paper explains that the authorities have recently taken some policy actions toward stabilizing the economy. However, reflecting expansionary spending policies and declining Southern African Customs Union revenue, public debt is still rising, domestic arrears have accumulated, and international reserves have fallen below adequate levels. Supply side and governance reforms are needed to support private investment and strengthen competitiveness. Reforms should reduce vulnerabilities to state-capture and other forms of corruption, streamline business regulations and regulatory requirements, reduce high electricity and telecommunications costs, contain wage growth, and address shortages of skilled workers. A credible medium-term fiscal adjustment plan, starting with measures to reduce next year's fiscal deficit, is needed to bring the economy on a sustainable path. Policies should combine expenditure reductions and revenue increases that enhance long-term growth prospects. Expanding and better targeting cash transfers would help protect the poor. 
538 |a Mode of access: Internet 
830 0 |a IMF Staff Country Reports; Country Report ;  |v No. 2020/041 
856 4 0 |z Full text available on IMF  |u http://elibrary.imf.org/view/journals/002/2020/041/002.2020.issue-041-en.xml  |z IMF e-Library